000 00441nam a22001817a 4500
003 NUST - PNEC
005 20170116181144.0
008 151008b xxu||||| |||| 00| 0 eng d
020 _a-
040 _cLIBRARY
082 _a954.9042 SIN
100 _914890
_aSingh, Jaswant
245 _aJinnah : Ethad se taqseem tak
_cJaswant Singh
250 _a-
260 _c2009
650 _91749
_aUrdu Literature
_xGeneral
942 _2ddc
_cBK
999 _c70635
_d70635